Incollable #20 - Citoyenneté - Statistiques

Statistiques générales
  • Ce quiz a été pris 576 fois
  • Le résultat moyen est 9 sur 12
Statistiques - réponses
Niveaux Questions Réponses % Correct
CM2 À partir de quel âge pouvons nous voir l’ensemble des films qui passent au cinéma ? À partir de 18 ans
97%
CM1 Mon premier n’est pas propre.On respire mon second. Mon tout est versé aux travailleurs. Le salaire
97%
CE2 Mon premier est un cercle.Mon second finit une phrase. Mon tout est une sorte de carrefour. Un rond-point
97%
CE1 En France, qui nomme les ministres ? Le Président de la République
96%
Collège Qui a été élu Président de la République en 2007 ? Nicolas Sarkozy
92%
CP Comment appelle-t-on les tournants sur une route ? Les virages
91%
CP Ou attend-on le bus ? À l’arrêt de bus
90%
CE1 En 8 lettres, personne qui se présente à des élections. Un candidat
88%
Lycée Combien de chiffres comporte le numéro de Sécurité Sociale (sans la clé) ? 13 chiffres
84%
CM2 Comment appelle-t-on les numéros de téléphone gratuits ? Un numéro Vert
62%
Collège Ou attrape-t-on une maladie nosocomiale ? À l’hôpital
29%
Lycée Quel homme d’État français a créé la liberté syndicale en 1884 ? Pierre Waldeck-Rousseau
5%
Aucun quiz correspondant
Distribution des résultats
% des personnes avec chaque résultat
Percentile par nombre de réponses
Votre historique - résultats
Vous n’avez pas pris ce quiz